| 000 | 00000nam 2200000zi 4500 |
| 001 | 9.892063 |
| 003 | CaOODSP |
| 005 | 20230501100340 |
| 006 | m o d f |
| 007 | cr bn||||||||| |
| 008 | 201002e197907##onc o f000 0 eng d |
| 040 | |aCaOODSP|beng|erda|cCaOODSP |
| 043 | |an-cn--- |
| 086 | 1 |aC38-1/1979E-PDF |
| 245 | 00|aGrain transportation and handling in western Canada : |breport for the Grains Group, Department of Industry, Trade and Commerce / |cBooz, Allen & Hamilton Inc. |
| 264 | 1|a[Ottawa] : |bDepartment of Industry, Trade and Commerce, |cJuly 1979. |
| 300 | |a1 online resource (2 volumes) |
| 336 | |atext|btxt|2rdacontent |
| 337 | |acomputer|bc|2rdamedia |
| 338 | |aonline resource|bcr|2rdacarrier |
| 500 | |aDigitized edition from print [produced by Innovation, Science and Economic Development Canada]. |
| 500 | |aIssued also in French under title: Le transport et la manutention des céréales dans l'ouest canadien : rapport destiné au groupe des céréales du ministère de l'Industrie et du Commerce : sommaire administratif. |
| 505 | 0 |av. 1. Executive summary. -- v. 2. Technical report and appendices (v.2 and 3 together). |
| 650 | 0|aGrain|xTransportation|zCanada. |
| 650 | 0|aGrain|xHandling|zCanada. |
| 710 | 1 |aCanada. |bDepartment of Industry, Trade and Commerce, |eissuing body. |
| 710 | 2 |aBooz, Allen & Hamilton, |econsultant. |
| 775 | 08|tLe transport et la manutention des céréales dans l'ouest canadien : |w(CaOODSP)9.922069 |
| 856 | 40|qPDF|s2.10 MB|uhttps://publications.gc.ca/collections/collection_2023/isde-ised/C38-1-1979-1-eng.pdf|zExecutive summary |
| 856 | 40|qPDF|s9.45 MB|uhttps://publications.gc.ca/collections/collection_2023/isde-ised/C38-1-1979-2-eng.pdf|zTechnical report and appendices |